Регионална библиотека "Любен Каравелов" - Русе

In memoriam Bertolt Brecht (1957) | Bachvariationen für großes Orchester (1963) (Запис номер 515453)

MARC детайли
000 -Лидер
Лидер 01730njm a2200289 a 4500
003 - Код на организацията, давaща контролен номер
Код на организацията, даваща контролен номер BLK
005 - Дата и час на последна редакция
Дата и час на последна редакция 20250321114604.0
008 - Елементи от данни с фиксирана дължина
Елементи с фиксирана дължина 180413b bul||n|| |||||||| n|bulo|
028 ## - PUBLISHER NUMBER
Издателски номер 8 20 552
040 ## - Източник на каталожния запис
Код на библиотеката BLK
041 ## - Код за език
Език на записа Немски
Език за КДБФ Немски
080 ## - УДК
УДК текст Вариации. Прелюдии. Интермецо. Фуги
УДК код 78.083.2
УДК – определител (086.72)
УДК – код + определител 78.083.2(086.72)
100 1# - Редна дума - Автор
R(LIN) 8410
Автор Dessau, Paul
245 ## - Сведения за заглавието
Заглавие In memoriam Bertolt Brecht (1957)
-- Bachvariationen für großes Orchester (1963)
Авторска отговорност Paul Dessau ; dir. Paul Dessau.
257 ## - Страна на издаване
Страна на създаване/издаване Германия
260 ## - Област на издателските данни
Място на издаване Berlin
Име на издателя Deutsche Schallplatten
Година на издаване 1966
9 (RLIN) 215027
300 ## - Физическа характеристика
Брой страници 1 грамофонна плоча, двустранна
Илюстрации 33 o/min, stereo
Размер 30 см
Съпроводителни материали + 8 с. притурка
380 ## - Жанр
Жанр Изкуство
490 ## - СЕРИИ (Колекции)
Серия Eterna
9 (RLIN) 493861
490 ## - СЕРИИ (Колекции)
9 (RLIN) 494075
Серия Unsere neue Musik
Номер в серията 11
500 ## - Общи забележки
Обща забележка (01) Paul Dessau - In memoriam Bertolt Brecht (1957)<br/>(01a) Lamento<br/>(01b) Marcia: ,,Der Krieg soll verflucht sein"<br/>(01c) Epitaph<br/>(02) Paul Dessau - Bachvariationen für großes Orchester (1963)<br/>Einleitung<br/>Thema von Carl Philipp Emanuel Bach (Bauerntanz)<br/>01. Veränderung<br/>02. Veränderung<br/>03. Veränderung<br/>(mit einem Thema von Johann Sebastian Bach)<br/>04. Veränderung<br/>05. Veränderung<br/>06. Veränderung<br/>(äußerst zart und ruhig)<br/>07. Veränderung<br/>(nach einer Vorlage von Friedrich Goldmann)<br/>08. Veränderung<br/>09. Veränderung<br/>(nach einer Vorlage von Rudolf Wagner-Regeny)<br/>10. Veränderung<br/>11. Veränderung<br/>(mit einem Thema einer Triosonate) von Johann Sebastian Bach)
650 #7 - Допълнително описание по предмет – тема
9 (RLIN) 170960
Предметна рубрика Симфонии
710 ## - Име на организация или юридическо лице като допълнителен термин за търсене
Друг колективен автор Gewandhausorchester Leipzig
9 (RLIN) 11079
852 ## - Местоположение
Сигнатура (форматна) Ф ІІ 710
Отдел Основен фонд - ползва се само за читалня
942 ## - АРТИКУЛИ
Вид на библиотечния документ Грамофонни плочи
Скрит в OPAC Не
944 ## - СЪЗДАВАНЕ И РЕДАКЦИЯ на ЗАПИСА
Дата на регистрацията/редакция Севдалина Тодорова
Служител, извършил регистрацията/редакцията 30560
Статус, дата на статуса Геновева Генчева
Създаване/Редакция
999 ## - СИСТЕМНИ КОНТРОЛНИ НОМЕРА
Koha biblionumber 515453
Koha biblioitemnumber 515453
Наличности
Код за отписване Код за изгубен артикул Източник на класификационната схема Код за повреда Коз за рестрикции Код за отдаване Артикулен № Име на библиотеката - собственик Име на библиотеката, в която се намира в момента Статус (Текущо местоположение) Дата на вписване в системата Местоположение - отдел Цена в лева Инвентарен номер Систематично азбучна сигнатура Баркод Цена в евро Служебен тип на артикула
  Не е изгубен Universal Decimal Classification Не е повреден само за читалня ползва се в читалня 946986 Регионална библиотека "Любен Каравелов" Русе Регионална библиотека "Любен Каравелов" Русе Хранилище 2024-08-16 Основен фонд - ползва се само за читалня 4.50 2530/67 Ф ІІ 710 900000106394 2.30 Грамофонни плочи
Vip Innovations Ltd, Rousse, Bulgaria 2025